Länder mit dem niedrigsten Durchschnittsalter der Bevölkerung - Statistiken

Allgemein
  • Dieses Quiz wurde 100 mal gespielt
  • Das Durchschnittsergebnis liegt bei 14 aus 19
Antwortstatistiken
Kontinent Durschnittsalter Land % Korrekt
Afrika 15,2 Mali
90%
Afrika 14,5 Niger
90%
Afrika 15,6 Kongo
89%
Afrika 17,1 Nigeria
89%
Afrika 16,4 Südsudan
88%
Afrika 15,2 Somalia
85%
Afrika 15,1 Tschad
82%
Afrika 16,1 Uganda
81%
Afrika 17,1 Sambia
75%
Afrika 17,5 Benin
74%
Afrika 16,9 Tansania
74%
Afrika 16,7 Burkina Faso
73%
Afrika 15,8 Burundi
73%
Afrika 16,9 Mosambik
70%
Afrika 16,2 Angola
68%
Afrika 17 Gambia
66%
Afrika 17 Malawi
64%
Afrika 14,7 Zentralafrikanische
64%
Asien 16,9 Afghanistan
23%
Keine übereinstimmenden Quizze gefunden
Verteilung der Resultate
Anzahl Personen mit jedem Resultat
Perzentil nach korrekt beantworteten Fragen
Ihre Resultats-Entwicklung
Sie haben dieses Quiz noch nicht gespielt